| 000 | 00585cam a22002291 4500 | ||
|---|---|---|---|
| 001 | sa 68000838 | ||
| 003 | DLC | ||
| 005 | 20260227112427.0 | ||
| 008 | 890718s1966 ii b 000 0 hino | ||
| 010 | _asa 68000838 | ||
| 035 | _a(OCoLC)20029199 | ||
| 040 |
_aDLC _cWaU _dDLC |
||
| 042 | _apremarc | ||
| 050 | 0 | 0 |
_aPK2605.G3 _bC5 |
| 100 | 1 | _aCātaka, Govinda. | |
| 245 | 1 | 0 | _aMadhya pahār̥ī kā bhāshāśāstrīya adhyayana. |
| 260 | _c[1966] | ||
| 300 |
_a192 p. _c23 cm. |
||
| 500 | _aIn Hindi. | ||
| 504 | _aBibliography: p. [189]-190. | ||
| 650 | 0 | _aGarhwali language. | |
| 999 |
_c77492 _d77492 |
||